000
00300nam a2200145Ia 4500
100
_a
Esibyan/Edward
650
_a
General
942
_c
BK
654
_a
Arc Equipment
245
_a
Plasma_ Arc Equipment
260
_b
Mir Publishers
_c
1973
082
_a
621
300
_a
151
546
_a
ENGLISH
999
_c
21842
_d
21842